091_ Personnalités nées un 1er avril par images - Statistiques

Statistiques générales
  • Ce quiz a été pris 34 fois
  • Le résultat moyen est 4 sur 12
Statistiques - réponses
Par images Hint Réponse % Correct
Youtubeur Logan Paul
79%
Animateur Yoann Riou
71%
Homme d'affaires Vincent Bolloré
59%
Syndicaliste Philippe Martinez
56%
Chanteuse Susan Boyle
41%
Dirigeant Politique Otto von Bismarck
32%
Compositeur Sergueï Rachmaninov
6%
Écrivain Edmond Rostand
3%
Patineuse de Vitesse Ireen Wüst
3%
Écrivain Antoine François Prévost / Abbé Prévost
0%
Acteur Kris Marshall
0%
Homme d'affaires Zhang Yiming
0%
Aucun quiz correspondant
Distribution des résultats
% des personnes avec chaque résultat
Percentile par nombre de réponses
Votre historique - résultats
Vous n’avez pas pris ce quiz